000 01004cam a2200133 4500500
005 20260405022038.0
041 _afre
042 _adc
100 1 0 _aDupuy, Francis
_eauthor
245 0 0 _aAnthropologie économique
260 _bArmand Colin,
_c2008.
520 _aL'ouvrage explore un champ de spécialisation classique de l'anthropologie sociale : celui de l'économique. il en présente les divers aspects (production, distribution, échange, consommation). parcourant les sociétés "traditionnelles", l'auteur illustre la diversité des façons de produire, d'échanger et de consommer. cette approche mène à un réexamen critique de catégories conceptuelles (surplus, profit, valeur, etc.), loin de toute conception restrictive de l'économie cette 2e édition, entièrement revue et mise à jour, s'enrichit des dernières avancées de la réflexion dans le domaine.
856 4 1 _uhttps://shs.cairn.info/anthropologie-economique--9782200351960?lang=fr&redirect-ssocas=7080
999 _c2129141
_d2129141